00476nam a2200181 a 4500001001300000003000900013005001700022008004100039020000800080082001300088245003700101260004900138300000800187500003500195505001000230650002200240710003200262nice12345678IN_TiNIC20260116012412.0050524s1973 bana grp 000 0 eng  ac300a253bECC aPastoral Ministry for Liberation aBangalorebEcumenical Christian Centrec1973 a48p aincludes index and biblioraphy2 aIndex aPastoral Theology2 aEcumenical Christian Centre